| 000 | 01376cam a2200397 i 4500 | ||
|---|---|---|---|
| 001 | 11144802 | ||
| 003 | ARRUPE | ||
| 005 | 20150218120424.0 | ||
| 008 | 140512s2014 mdua b 001 0 eng | ||
| 010 | _a 2014007970 | ||
| 020 | _a9781442234758 (cloth : alk. paper) | ||
| 020 | _a144223475X (cloth : alk. paper) | ||
| 020 | _z9781442234765 (electronic) | ||
| 024 | _a99961308371 | ||
| 035 | _a(OCoLC)873007258 | ||
| 035 | _a(OCoLC)ocn873007258 | ||
| 035 | _a(NNC)11144802 | ||
| 040 |
_aDLC _erda _beng _cDLC _dIG# _dYDXCP _dBTCTA _dBDX _dOCLCF _dUKMGB _dWIO _dISS _dXYZ _dCHVBK |
||
| 050 | 0 | 0 |
_aBX3706.3 _b.O425 2014 |
| 082 | 0 | 0 |
_a271/.53 _223 |
| 100 | 1 |
_aO'Malley, John W. _915256 |
|
| 245 | 1 | 4 |
_aThe Jesuits : _ba history from Ignatius to the present / _cJohn W. O'Malley, SJ. |
| 260 |
_aLondon _bRowman and Littlefield _c2014 |
||
| 263 | _a1409 | ||
| 300 |
_ax, 139 pages : _billustrations ; _c23 cm |
||
| 500 | _a"A Sheed & Ward Book." | ||
| 504 | _aIncludes bibliographical references and index. | ||
| 520 | _aChronicles the history of the Jesuit order from the time of Ignatius of Loyola to the present Pope Francis. | ||
| 610 | 2 | 0 |
_aJesuits _xHistory. _915257 |
| 610 | 2 | 7 |
_aJesuits. _2fast _98693 |
| 610 | 2 | 7 |
_aJesuiten. _2gnd _915258 |
| 655 | 7 |
_aHistory. _2fast _912337 |
|
| 942 |
_2lcc _cMONOGRAPH |
||
| 948 | 1 |
_a20150130 _bc _cas2107 _dMPS |
|
| 999 |
_c122087 _d122087 |
||